Several biotechnological techniques to improve genetic characteristics of rubber (Record no. 68620)

MARC details
000 -LEADER
fixed length control field 00506nam a2200157Ia 4500
100 ## - MAIN ENTRY--AUTHOR NAME
Personal name Darussamin Asril
245 #0 - TITLE STATEMENT
Title Several biotechnological techniques to improve genetic characteristics of rubber
260 ## - PUBLICATION, DISTRIBUTION, ETC. (IMPRINT)
Name of publisher In: Prosidings of the Lokakarya Nasional Pemuliaan Tanaman Karet, Medan 1992; p227-238
650 ## - SUBJECT ADDED ENTRY--TOPICAL TERM
Topical Term Anther culture
650 ## - SUBJECT ADDED ENTRY--TOPICAL TERM
Topical Term Genetic variation
650 ## - SUBJECT ADDED ENTRY--TOPICAL TERM
Topical Term Rubber
700 ## - ADDED ENTRY--PERSONAL NAME
Personal name Haris Nurhaimi
700 ## - ADDED ENTRY--PERSONAL NAME
Personal name Suharyanto
942 ## - ADDED ENTRY ELEMENTS (KOHA)
Koha item type Journals
Holdings
Withdrawn status Lost status Damaged status Not for loan Home library Current library Shelving location Date acquired Koha item type
      Journals RRII Library RRII Library Biotechnology 17/12/2021 Journals